Bulgarian players in European Big Five (2000-) - Statistics

General Stats
  • This quiz has been taken 34 times
  • The average score is 6 of 35
Answer Stats
Ranking Player Positions Nationality Matches Goals (assists) Periods Clubs % Correct
1 Dimitar Berbatov FW 421 176 (67) 2000-2015
97%
2 Martin Petrov MF, FW 291 47 (64) 2001-2013
61%
3 Stiliyan Petrov MF 185 9 (8) 2006-2012
61%
18 Ilia Gruev MF 33 0 (0) 2020-2021, 2022-2024
45%
5 Valeri Bojinov FW 167 35 (8) 2001-2002, 2003-2005, 2007-2012
32%
12 Aleksandar Tonev MF, FW 60 1 (1) 2013-2014, 2015-2018
29%
25 Georgi Ivanov FW 11 0 (1) 2002-2003
26%
8 Krasimir Balakov MF 86 12 (15) 2000-2003
26%
13 Dimitar Rangelov MF, FW 60 16 (4) 2007-2011
19%
28 Lukas Petkov MF, FW 8 0 (0) 2020-2021, 2022-2023
19%
17 Blagoy Georgiev MF 41 2 (4) 2005-2006, 2007-2008
16%
7 Marian Hristov MF 100 18 (9) 2000-2007
16%
21 Petko Hristov DF 26 1 (1) 2021-2023
16%
4 Radostin Kishishev DF, MF 179 2 (5) 2000-2007
16%
9 Daniel Borimirov MF 82 9 (8) 2000-2004
13%
30 Kiril Despodov MF, FW 5 0 (0) 2018-2019, 2020-2021
13%
15 Svetoslav Todorov FW 47 7 (2) 2000-2001, 2003-2004, 2005-2007
13%
24 Valentin Antov DF 14 0 (0) 2020-2021, 2022-2023
13%
19 Andrey Galabinov FW 32 6 (2) 2017-2018, 2020-2021
10%
10 Ivaylo Chochev MF 75 6 (5) 2014-2017
10%
14 Stanislav Angelov DF, MF 57 3 (4) 2007-2009
10%
31 Stanislav Manolev DF, MF 5 0 (0) 2012-2013
10%
6 Vladimir Manchev FW 103 26 (4) 2002-2004, 2007-2008
10%
11 Chavdar Yankov MF 66 6 (2) 2005-2009
6%
22 Fabian Nürnberger DF, MF 21 1 (1) 2023-2024
6%
34 Hristo Yanev MF, FW 2 0 (0) 2008-2009
6%
35 Todor Nedelev MF 2 0 (0) 2013-2014
6%
33 Emil Gargorov MF, FW 2 0 (0) 2007-2008
3%
16 Valeri Domovchiyski FW 45 4 (1) 2007-2010
3%
26 Aleksandar Mladenov MF 10 0 (1) 2002-2004
0%
20 Georgi Donkov FW 27 1 (1) 2000-2002
0%
27 Iliyan Mitsanski FW 10 1 (0) 2010-2011
0%
23 Petar Hubchev DF 18 0 (0) 2000-2001
0%
29 Stoycho Stoilov MF 8 0 (0) 2001-2002
0%
32 Tsanko Tsvetanov DF 5 0 (0) 2000-2001
0%
No matching quizzes found
Score Distribution
Percent of People with Each Score
Percentile by Number Answered
Your Score History
You have not taken this quiz